000 00561nam a2200169 i 4500
001 25031
003 ES-MaACL
005 20230906153201.0
007 t|
008 021220s1930 sp ||||1| spa d
110 2 _aColegio Notarial de Pamplona.
_92944
245 1 0 _aApéndice de derecho navarro al Código civil /
_cproyecto formulado por el Ilustre Colegio Notarial de Pamplona.
260 _aPamplona :
_bE. García Enciso,
_c1930.
300 _a60 p. ;
_c21 cm.
650 0 0 _aDerecho-
_zNavarra (Comunidad Autónoma)
_911631
852 _aES-MaACL
_j1751-F-23
999 _c25031
_d25031